000
00371cam a2200169ua 4500
020
_c
1.50
041
_a
mal
_h
082
_a
894.812301
_b
VAD/AD
100
_a
Vaduthala, T K C .
245
_a
Adhyeham /
_c
T K C Vaduthala.
_h
Textual Documents
250
_a
1 /
_b
.
300
_a
87 ; .
365
_a
1.50
504
_a
942
_c
BK
999
_c
12888
_d
12888